00700 2200265 4500001002100000005001500021035002000036007000300056008004100059040001700100100002300117245005600140250001300196300003700209020002200246082000800268084001400276090002000290260003000310600001400340700002600354850001000380990002200390990002200412INLIS00000000000803520260529084146 a0010-0922000524ta260529 0  aSBPUPADbind0 aBrilliant Yotenega1 aBuilding a Meaningful Stratup /cBrilliant Yotenega a.- cet.1 aviii, 192 hlm. :bilus. ;c24 cm a978-602-6328-00-7 a658 a658 BRI b a658 BRI b L22-4 a--Solo :bMetagraf,c2016 4aManajemen0 aeditor, Fachmy Casofa aPUPAD a30.312/B/DPK/2018 a30.311/B/DPK/2018